Who's That? - Expressions & Idioms That Include a Name - Statistics

General Stats
  • This quiz has been taken 40 times
  • The average score is 3 of 32
Answer Stats
Hint Answer % Correct
Mary Jane's love interest For the love of Pete
77%
Thelma's partner Jeez Louise
74%
Like the author of A Tale of Two Cities Like the Dickens
26%
Bah, humbug! Don't be a Scrooge
19%
Mrs Reagan not optimistic Negative Nancy
19%
Flag seamstress Heavens to Betsy
16%
May be a Baldwin Smart Alec
16%
Spiderman's alter ego For Pete's Sake
13%
Rapunzel's Prince - Disney's Tangle In like Flynn
13%
Ole No way, Jose
13%
Trojan War Achilles' heel
10%
Everything is gold The Midas touch
10%
Rachel Dratch - SNL character Debbie Downer
6%
Poor Ceasar Et tu, Brutus
6%
Like the artist of "Hot in Herre" Nervous Nellie
6%
Just everyone - inclusive Any (Every) Tom, Dick, and Harry
3%
Lady Godiva Peeping Tom
3%
A man at his best and worst! A Jekyll and Hyde
0%
Viva Las Vegas! Elvis has left the building
0%
Disney show? Even Stevens
0%
Talk about it on the doctor's couch Freudian slip
0%
Like Dr. Brown - Back the the Future Great Scott
0%
Not a maestro Jack of all trades
0%
Common man John Q Public
0%
Like Mercedes on Glee Life of Riley
0%
If's going to go wrong ... Murphy's Law
0%
Oops, sorry world Pandora's box
0%
Screw you King George III Put your John Hancock
0%
Jesus would be disappointed Rob Peter to pay Paul
0%
What Hillary said after Monica Lewinsky scandal Silly Billy
0%
Not exactly the breakfast sandwich The full Monty
0%
Like Travie - The Gym Class Heroes The real McCoy
0%
No matching quizzes found
Score Distribution
Percent of People with Each Score
Percentile by Number Answered
Your Score History
You have not taken this quiz